UFC : Top 10 hommes poids plumes - Statistiques

Statistiques générales
  • Ce quiz a été pris 104 fois
  • Le résultat moyen est 5 sur 10
Statistiques - réponses
Classement Pays Âge Combattants % Correct
Champion Australie 37 Alexander Volkanovski
95%
2 Brésil 30 Diego Lopes
80%
1 Russie 31 Movsar Evloev
80%
4 Etats-Unis 34 Lerone Murphy
59%
3 Mexique 33 Yair Rodriguez
56%
7 Maroc 29 Youssef Zalal
48%
6 Royaume-Uni 31 Arnold Allen
39%
5 Etats-Unis 36 Aljamain Sterling
33%
9 Etats-Unis 34 Brian Ortega
31%
8 Etats-Unis 33 Steve Garcia
18%
Aucun quiz correspondant
Distribution des résultats
% des personnes avec chaque résultat
Percentile par nombre de réponses
Votre historique - résultats
Vous n’avez pas pris ce quiz